000 00490cam a2200205ua 4500
001 9308
005 20260515114442.0
008 150302n ii |||gr||||Z||||||asm
020 _a8173391769
040 _cMAIN
041 _aasm
082 _a301.954
100 _aNath, G.,
_eAuthor.
245 1 _aBharatiya samajar parichai
_cBy Gunamani Nath
250 _a7th rev.
260 _aDibrugarh:
_bBanalata,
_c2007.
300 _a174p.
653 _aSociology & anthropology
942 _cBK
999 _c8365
_d8365